000 00504nam a22001937a 4500
005 20260224122128.0
008 260224b |||||||| |||| 00| 0 eng d
020 _a978-93-8934-00-5
050 _aQD 31.2 K75 2023
_b1
100 _aKRISHNAMURTHY, N.
245 _aENGINEERING CHEMISTRY
250 _aFOURTH EDITION
260 _aPHI LEARNING
_bASOKE K. GHOSH
_c2023
300 _aINDEX
500 _aIV, 223
650 _aENGINEERING CHEMISTRY
700 _aKRISHNAMURTHY N.
942 _2lcc
_cBK
999 _c216608
_d216608